=LDR 00000nam 2200000 4500 =001 INLIS000000000032105 =005 20130612134130 =008 ***********************************ind** =035 ##$$0010-061300000032105 =041 ##$$a ind =082 ##$$a 615.382 =090 ##$$a 615.382, Agu e =100 ##$$a AGUSTIN, Danial =245 ##$$a Ensiklopedi pengobatan tradisional, Pencegahan dan penyembuhan penyakit dengan cara alami, Danial Agustin =260 ##$$a 2009 $b Yogyakarta =300 ##$$a viii, 94 hlm, 15 cm =650 ##$$a Pengobatan Tradisional =850 ##$$a NBPNMAT